00309nam a2200133Ia 45000030006000000080041000060400015000471000032000622450033000942500010001272600009001375460012001460050017001580STCL150530s9999 xx 000 0 und d aSTCLcSTCL aBurton; Jackson, H.; Editor aBurton anatomy of melancholy aFirst c1978 aEnglish20220125171135.0